Automatizované systémy riadenia vo financiách

Gespeichert in:
Bibliographische Detailangaben
1. Verfasser: Petrjánošová, Božena
Körperschaft: Vysoká škola ekonomická v Bratislave. Národohospodárska fakulta
Format: Buch
Sprache:Slowakisch
Veröffentlicht: Bratislava Vysoká škola ekonomická 1986
Tags: Tag hinzufügen
Keine Tags, Fügen Sie das erste Tag hinzu!

MARC

LEADER 00000nam a2200000 4500
001 c105743
005 20190107140618.3
041 0 |a slo 
044 |a SK 
245 1 0 |a Automatizované systémy riadenia vo financiách  |c Božena Petrjánošová 
264 1 |a Bratislava  |b Vysoká škola ekonomická  |c 1986 
300 |a 183 s. 
100 1 |a Petrjánošová, Božena 
710 2 |a Vysoká škola ekonomická v Bratislave. Národohospodárska fakulta